000 005360000a22001810004500
020 _a968-7011-28-9
041 0 _aENG
082 0 4 _aG 280.409 S4251s
100 1 _aScott, Lindy B. (1951-)
245 1 0 _aSalt of the earth : A socio-political history of Mexico City evangelical protestants (1964-1991) / Lindy Scott
260 _aMéxico, D.F., México : Kyrios
300 _a223 Pag
001 8643
942 _cBK
999 _c38777
_d38777
336 _atexto
_btxt
_2rdacontent
337 _2rdamedia
_asin mediación
_bn
338 _2rdacarrier
_avolumen
_bnc